书目信息 |
| 题名: |
西北农业大学校史
|
|
| 作者: | 关联芳 主编 ;朱振国 编 | |
| 分册: | ||
| 出版信息: | 西安 陕西人民出版社 1986 |
|
| 页数: | 280页 | |
| 开本: | 20cm | |
| 丛书名: | ||
| 单 册: | ||
| 中图分类: | S-40 , G649.284 | |
| 科图分类: | ||
| 主题词: | 教育--各级 | |
| 电子资源: | ||
| ISBN: | ||
| 000 | 00738nam0 2200265 45 | |
| 001 | 0186017094 | |
| 005 | 20040510105720.4 | |
| 010 | @dCNY2.05 | |
| 100 | @a19900809d1986 emky0chiy0121 ea | |
| 101 | 0 | @achi |
| 102 | @aCN@b610000 | |
| 105 | @af z 000yd | |
| 106 | @ar | |
| 200 | 10 | @a西北农业大学校史@Axi bei nong ye da xue xiao shi@e1934~1984@f关联芳主编@g朱振国编 |
| 210 | @a西安@c陕西人民出版社@d1986 | |
| 215 | @a280页@c照片@d20cm | |
| 601 | 02 | @a西北农业大学@x校史 |
| 606 | 0 | @a教育@x各级 |
| 690 | @aS-40@v3 | |
| 690 | @aG649.284 | |
| 701 | 0 | @a关联芳@Aguan lian fang@4主编 |
| 702 | 0 | @a朱振国@Azhu zhen guo@4编 |
| 801 | 0 | @aCN@b深圳图书馆@c20040510 |
| 801 | 2 | @aCN@bNLC@c20040510 |
| 905 | @f1@b218629@dG649.284@e93 | |
| 西北农业大学校史:1934~1984/关联芳主编/朱振国编.-西安:陕西人民出版社,1986 |
| 280页:照片;20cm |
| ISBN :CNY2.05 |
| ● |
| 相关链接 |
|
|
|
|
正题名:西北农业大学校史
索取号:G649.284/93
 
预约/预借
| 序号 | 登录号 | 条形码 | 馆藏地/架位号 | 状态 | 备注 |
| 1 | 0218629 | 001005478 | 第一样本阅览室/ [索取号:G649.284/93] | 在馆 |